Vista normal
Vista MARC
Entrada Corporate Name
Número de registros utilizados en: 1
001 - CONTROL NUMBER
- control field: 40769
003 - CONTROL NUMBER IDENTIFIER
- control field: OSt
005 - DATE AND TIME OF LATEST TRANSACTION
- control field: 20210923161921.0
008 - FIXED-LENGTH DATA ELEMENTS
- fixed length control field: 210923|| aca||aabn | a|a d
040 ## - CATALOGING SOURCE
- Original cataloging agency: OSt
- Transcribing agency: OSt
110 ## - HEADING--CORPORATE NAME
- Corporate name or jurisdiction name as entry element: Corporación Financiera Nacional y Suramericana S.A
670 ## - SOURCE DATA FOUND
- Source citation: Work cat.: (OSt)8585: 17700, Escenario macroeconómico proyecciones 2004 / , 2004